| 000 | 00635nam a2200205 i 4500 | ||
|---|---|---|---|
| 001 | 140496 | ||
| 003 | ES-MaACL | ||
| 005 | 20230906200106.0 | ||
| 007 | t| | ||
| 008 | 070214s1916 fr r ||||1| fre d | ||
| 100 | 1 |
_aSéailles, Gabriel. _9104982 |
|
| 245 | 1 | 2 |
_aL'Alsace-Lorraine, histoire d'une annexion... / _cGabriel Séailles. |
| 260 |
_aParis : _bLigue des droits de l'homme et du citoyen, _c1916. |
||
| 300 |
_a64 p. ; _ccm. |
||
| 490 | 1 | _aBibliothèque de guerre | |
| 650 | 4 |
_aCuestión de Alsacia-Lorena. _9156483 |
|
| 830 | 0 |
_aBibliothèque de guerre _9220331 |
|
| 852 |
_aES-MaACL _j1480-F-8 |
||
| 999 |
_c140496 _d140496 |
||